LEADER 02712oam 2200733 450 001 9910717303003321 005 20210913151027.0 035 $a(CKB)5450000000388552 035 $a(OCoLC)1126110328 035 $a(EXLCZ)995450000000388552 100 $a20190910d1973 ua 0 101 0 $aeng 135 $aurun||||||||| 181 $ctxt$2rdacontent 182 $cc$2rdamedia 183 $acr$2rdacarrier 200 00$aDeep well disposal of liquid wastes $esubsurface disposal of liquid wastes 205 $a[1973 edition]. 210 1$aPortland, Ore. :$cU.S. Department of the Interior, Bureau of Land Management, Portland Service Center,$d1973. 215 $a1 online resource (3 unnumbered pages) 225 1 $aTechnical note / Bureau of Land Management ;$v[78] 300 $a"Date issued: March 30, 1973"--Page 3. 300 $a"Filing code: 3000." 300 $a"Mailing list 1." 300 $aIncludes original published in June 1970. 330 $aSelected bibliography on deep well disposal and subsurface disposal of liquid wastes. Contains the 1971 supplement and the March 1973 supplement to the June 1970 Technical Note on the same subject (Technical Note no. 78). 517 $aDeep well disposal of liquid wastes 606 $aMineral industries$xWaste disposal$zUnited States$vBibliography 606 $aDeep-well disposal$vBibliography 606 $aWaste disposal in the ground$vBibliography 606 $aMines and mineral resources$zUnited States$vBibliography 606 $aDeep-well disposal$2fast 606 $aMineral industries$xWaste disposal$2fast 606 $aStrip mining$xEquipment and supplies$2fast 606 $aWaste disposal in the ground$2fast 607 $aUnited States$2fast 608 $aBibliographies.$2fast 608 $aRecords and correspondence.$2fast 608 $aBibliographies.$2lcgft 615 0$aMineral industries$xWaste disposal 615 0$aDeep-well disposal 615 0$aWaste disposal in the ground 615 0$aMines and mineral resources 615 7$aDeep-well disposal. 615 7$aMineral industries$xWaste disposal. 615 7$aStrip mining$xEquipment and supplies. 615 7$aWaste disposal in the ground. 712 02$aUnited States.$bBureau of Land Management.$bPortland Service Center, 801 0$bBHLMR 801 1$bBHLMR 801 2$bOCLCO 801 2$bINARC 801 2$bOCLCO 801 2$bOCLCA 801 2$bOCL 801 2$bOCLCO 801 2$bOCL 801 2$bOCLCO 801 2$bOCLCQ 801 2$bGPO 906 $aBOOK 912 $a9910717303003321 996 $aDeep well disposal of liquid wastes$93512355 997 $aUNINA LEADER 00867nam0-2200301---450 001 990005663660403321 005 20251126112832.0 035 $a000566366 035 $aFED01000566366 035 $a(Aleph)000566366FED01 035 $a000566366 100 $a19990604d1934----km-y0itay50------ba 101 0 $aita 102 $aIT 105 $ay-------001yy 200 1 $a<>panteismo spiritualistico e la religione futura dell'infinito$fSirio 210 $aRoma$cSignorelli$d1934 215 $a140 p.$d25 cm 610 0 $aPanteismo 676 $a211.2$v21$zita 700 0$aSirio$0390066 801 0$aIT$bUNINA$c20060912$gRICA$2UNIMARC 901 $aBK 912 $a990005663660403321 952 $a199.5 SIRI 01$bIST.ST.FIL. 5210$fFLFBC 959 $aFLFBC 996 $aPanteismo spiritualistico e la religione futura dell'infinito$9600505 997 $aUNINA